000 00340nam a2200145Ia 4500
100 _aTocci/R.J & oliver M.E
942 _cRB
654 _aeletronic devices
245 _aFundamentals of eletronic devices
260 _bMacmillan pub
_aSingapore
_c1991
082 _a621.3815
_bTOC/OL
300 _a688
546 _aENGLISH
999 _c21092
_d21092